000 00532nam a22001937a 4500
005 20260424152544.0
008 260424b |||||||| |||| 00| 0 eng d
020 _a9783111700700
_c1099.00
040 _aMAIN
041 _aEnglish
082 _a512.4
_bJES
100 _aJespers, Eric
_926750
245 _aGroup Ring Groups
_b: Structure Theorems of Unit Groups
260 _aBerlin
_bDe Gruyter
_c2025
300 _a217
_bVol.1st
650 _aMathematics (PM USHA)
_926738
700 _aRio, Angel Del
_926751
942 _cBK
999 _c60736
_d60736